The trouble with computers: usefulness, usability, and productivity

Saved in:
Bibliografiske detaljer
Hovedforfatter: Landauer, Thomas K (Author)
Format: Bog
Sprog:engelsk
Udgivet: Cambridge MIT 1996
Fag:
Tags: Tilføj Tag
Ingen Tags, Vær først til at tagge denne postø!

MARC

LEADER 00000nam a2200000 a 4500
001 UCL4841
003 CL-VaPUC
008 040227e19960000US |||||||||||||||||eng|d
020 |a 0262121867 
082 0 4 |a 658.34038  |b LAN  |2 21 
100 |a Landauer, Thomas K  |e author  |9 523894 
245 1 4 |a The trouble with computers: usefulness, usability, and productivity 
300 |a 425 p 
942 |c BK 
945 |d 20040227 00:00:00  |a cmena 
260 |a Cambridge  |b MIT  |c 1996 
650 7 |a INNOVACIONES TECNOLOGICAS  |2 CL-VaPUC  |9 482513 
650 0 |a Administración de empresas   |9 260833 
650 0 |a Aplicaciones de computadores  |9 260401 
650 0 |a Gestión de la información   |9 362327 
650 0 |a Productividad   |9 335972 
650 0 |a Planificación estratégica   |9 259735 
583 |a last modification  |c 20040227 00:00:00  |k Rodrigo Vera 
999 |c 307599  |d 307597 
952 |0 0  |1 0  |4 0  |6 658_340380000000000_LAN_1996  |7 0  |8 A  |9 373636  |a BIBING  |b BIBING  |d 2019-11-21  |i 3984796  |o 658.34038 LAN 1996  |p 3984796  |r 2025-01-20  |w 2019-11-21  |y BK  |k EII